| 000 | 01198nam a22002177a 4500 | ||
|---|---|---|---|
| 003 | OSt | ||
| 005 | 20260128093800.0 | ||
| 008 | 230521b ||||| |||| 00| 0 eng d | ||
| 040 |
_aSSBUL _cSSBUL |
||
| 041 | _ashan | ||
| 082 | _a959.116 | ||
| 245 |
_aရႃႇၸဝၢင်ႇမိူင်းဢုင်းပွင်ႇ။ _cမျူဝ်ႉဝုၼ်းလွႆလူင် လုင်းဢူးမူး ၵဵပ်းႁွမ်၊ ၶုၼ်ယုင်းၶဵဝ် ၶိုၼ်းမေး၊ ၸၢႆးၸွမ်ဝၼ်း (တူင်ႇလၢဝ်း) ၸဝ်ႈၶွင်- |
||
| 260 |
_aယၼ်ႇၵုင်ႇ _bမွၵ်ႇၵူႇသွႆႈလႅင် _c2013 |
||
| 300 |
_a64 ၼႃႈ _c21 ၸိၼ်ႇထီႇ |
||
| 500 | _aပပ်ႉၸဝ်ႈတႃႇၼႁင်းၶေႃၵေႃႈပႃးပပ်ႉၼိုင်ႈ (2432)၊ တွၵ်ႉတိူဝ်ႇၸၢႆးဢွင်ႇထုၼ်း | ||
| 500 | _a S-SAT: Dr. Prof Sai Aung Tun | ||
| 650 |
_aပိုၼ်းဝဵင်းသီႇပေႃႉ (ဢုင်းပွင်ႇ) _924194 |
||
| 942 | _cBK | ||
| 942 | _2ddc | ||
| 942 | _2ddc | ||
| 999 |
_c24616 _d24616 |
||